000
00310nam a2200133Ia 4500
005
20251222143115.0
008
251222s9999||||xx |||||||||||||| ||spa||
082
_a
813.5/S27/2018
100
_a
Saurat, Carmen
245
0
_a
El Quinto Libro
250
_a
1ra. ed.
264
_b
Blog.carmensaurat
942
_c
LIB
999
_c
11329
_d
11329